000 01333nam a22001577a 4500
041 _aeng
080 _a09
090 _bРОМ
100 _aРоманюк О. П.
245 _aКонцепт кохання в романі Е. Хемінгуея "A Farewell to Arms"
260 _aОстрог
_bКАФ
_c2004
300 _a59
520 _aРозділ 1. Текстові особливості художніх творів. 1.1. Лексичні особливості художніх текстів. 1.2. Стилістичні особливості художніх текстів. Розділ 2. Мовні засоби вираження концепту кохання в романі Ернеста Хемінгуея "A Farewell to Arms". 2.1. Концептуальний підхід у вивченні мови. 2.2. Емоційна концептосфера художніх творів. 2.3. Лексичні засоби вираження концепту кохання у творі Ернеста Хемінгуея "A Farewell to Arms". 2.4. Стилістичні засоби вираження концепту кохання у творі Ернеста Хемінгуея "A Farewell to Arms".
_0Концепт, засіб, особливість.
650 _aResearch Papers
999 _c282571
_d282571
942 _cBK